[Event "Bremen-ch op"]
[Site "Delmenhorst"]
[Date "2011.04.23"]
[Round "3"]
[White "Von Oehsen, Hasso"]
[Black "Frische, Thomas"]
[Result "1-0"]
[WhiteElo "1758"]
[BlackElo "1422"]
[PlyCount "77"]
[EventDate "2011.04.16"]
[EventType "swiss"]
[EventRounds "9"]
[EventCountry "GER"]
[SourceTitle "EXT 2012"]
[Source "ChessBase"]
[SourceDate "2011.11.24"]
[SourceVersion "1"]
[SourceVersionDate "2011.11.24"]
[SourceQuality "1"]

1. d4 e6 2. c4 b6 3. e3 Bb7 4. Nf3 g6 5. Nc3 a6 6. Be2 d6 7. b3 Nd7 8. Bb2 Bg7 9. 0-0 Ne7 10. Qc2 0-0 11. e4 Qe8 12. Bd3 h6 13. Rae1 c5 14. Nd1 cxd4 15. Nxd4 Nc5 16. f3 Nxd3 17. Qxd3 Qd7 18. Rf2 e5 19. Nc2 Rad8 20. Nde3 a5 21. Rd1 Qc8 22. Ba3 Nc6 23. Nd5 Qe6 24. Nxb6 Nd4 25. Nd5 Bxd5 26. cxd5 Qd7 27. Nxd4 exd4 28. Bb2 Rc8 29. Bxd4 Bxd4 30. Qxd4 Rc5 31. h3 Rfc8 32. Kh2 Qe7 33. f4 Qh4 34. g3 Qh5 35. Rdd2 g5 36. Qf6 Rc1 37. h4 R8c3 38. fxg5 Qg4 39. Qxf7+ 1-0

[Event "Bremen-ch op"]
[Site "Delmenhorst"]
[Date "2011.04.17"]
[Round "2"]
[White "Rademacher, Uwe"]
[Black "Von Oehsen, Hasso"]
[Result "0-1"]
[WhiteElo "1503"]
[BlackElo "1758"]
[PlyCount "116"]
[EventDate "2011.04.16"]
[EventType "swiss"]
[EventRounds "9"]
[EventCountry "GER"]
[SourceTitle "EXT 2012"]
[Source "ChessBase"]
[SourceDate "2011.11.24"]
[SourceVersion "1"]
[SourceVersionDate "2011.11.24"]
[SourceQuality "1"]

1. e4 e6 2. d4 d5 3. exd5 exd5 4. Nf3 Nf6 5. Be2 Be7 6. Nbd2 0-0 7. 0-0 Nc6 8. c3 Bd6 9. Qc2 Bg4 10. h3 Bh5 11. Re1 Bg6 12. Bd3 Bxd3 13. Qxd3 Re8 14. Rxe8+ Qxe8 15. Nf1 h6 16. Be3 Qd7 17. N1d2 a6 18. a3 Re8 19. c4 dxc4 20. Nxc4 Bc5 21. Rd1 Rd8 22. Nce5 Nxe5 23. Nxe5 Qe6 24. Qc2 Bb6 25. Nc4 Nd5 26. Nxb6 Qxb6 27. Rd3 Qe6 28. Bd2 Qe4 29. Bxh6 Rd6 30. Be3 Rg6 31. g4 Nxe3 32. fxe3 Rh6 33. Kh2 Qxg4 34. Qg2 Qd7 35. e4 Rg6 36. Qf2 Rf6 37. Qd2 Re6 38. e5 c6 39. d5 Rxe5 40. dxc6 Qxc6 41. Rc3 Qe4 42. Rc8+ Kh7 43. Rc2 Rf5 44. Qc3 Qe5+ 45. Qxe5 Rxe5 46. Kg3 Re3+ 47. Kh2 Rb3 48. Rf2 f6 49. Rc2 g5 50. Kg2 Kg6 51. Kh2 f5 52. Rd2 Kf6 53. Re2 f4 54. Rd2 Ke5 55. Kg2 Ke4 56. Rc2 b5 57. Rf2 Re3 58. Kh2 Kd3 0-1

[Event "Bremen-ch Seniors"]
[Site "Bremen"]
[Date "2010.03.30"]
[Round "4"]
[White "Von Oehsen, Hasso"]
[Black "Kuenitz, Bernhard"]
[Result "1/2-1/2"]
[WhiteElo "1717"]
[BlackElo "1806"]
[PlyCount "90"]
[EventDate "2010.03.27"]
[EventType "swiss"]
[EventRounds "7"]
[EventCountry "GER"]
[SourceTitle "EXT 2022"]
[Source "ChessBase"]
[SourceDate "2021.10.06"]
[SourceVersion "1"]
[SourceVersionDate "2021.10.06"]
[SourceQuality "1"]

1. d4 d5 2. Nf3 g6 3. g3 Bg7 4. c3 Nf6 5. Bg2 Nbd7 6. Nbd2 0-0 7. 0-0 Re8 8. Re1 Rb8 9. e4 dxe4 10. Nxe4 Nxe4 11. Rxe4 b6 12. Qb3 Bb7 13. Re1 Nf6 14. Ne5 Bd5 15. Bxd5 Qxd5 16. Qxd5 Nxd5 17. Nc6 Ra8 18. c4 Nf6 19. Bf4 e6 20. Re2 h6 21. h4 a5 22. a4 Nh5 23. Bd2 f5 24. Rae1 Kf7 25. Kg2 Bf8 26. Ne5+ Kg7 27. Bc3 Nf6 28. f3 Bd6 29. d5 Bb4 30. dxe6 Bxc3 31. bxc3 Rxe6 32. Nd3 Rxe2+ 33. Rxe2 Re8 34. Kf2 Rxe2+ 35. Kxe2 Nd7 36. Ke3 g5 37. hxg5 hxg5 38. Kd4 Kf6 39. Kd5 Ke7 40. c5 bxc5 41. Nxc5 c6+ 42. Kd4 Nb6 43. Ke5 f4 44. gxf4 gxf4 45. Kxf4 Nd5+ 1/2-1/2

[Event "Bremen-ch Seniors"]
[Site "Bremen"]
[Date "2010.03.29"]
[Round "3"]
[White "Radloff, Guenter"]
[Black "Von Oehsen, Hasso"]
[Result "1/2-1/2"]
[WhiteElo "1765"]
[BlackElo "1717"]
[PlyCount "110"]
[EventDate "2010.03.27"]
[EventType "swiss"]
[EventRounds "7"]
[EventCountry "GER"]
[SourceTitle "EXT 2022"]
[Source "ChessBase"]
[SourceDate "2021.10.06"]
[SourceVersion "1"]
[SourceVersionDate "2021.10.06"]
[SourceQuality "1"]

1. g3 e5 2. Bg2 c6 3. b3 d5 4. Bb2 Nd7 5. e3 Ngf6 6. Ne2 Bd6 7. 0-0 0-0 8. d3 Qe7 9. a4 Ng4 10. h3 Nh6 11. e4 dxe4 12. dxe4 Nc5 13. Ba3 Rd8 14. Qc1 Ne6 15. Rd1 Bxa3 16. Rxd8+ Qxd8 17. Nxa3 b6 18. Qe3 f6 19. f4 Nf7 20. Kh2 c5 21. Re1 Bb7 22. Nb5 Nd4 23. Qd3 Nxb5 24. axb5 Qxd3 25. cxd3 a6 26. bxa6 Rxa6 27. Nc3 Ra3 28. Rb1 Nd8 29. Na4 Ba6 30. Bf1 Ra2+ 31. Kg1 Rd2 32. Nb2 Nc6 33. Nc4 Bxc4 34. bxc4 Nd4 35. Bg2 Rxd3 36. Rxb6 exf4 37. gxf4 Ne2+ 38. Kf2 Nxf4 39. Rc6 Rc3 40. Bf1 Nxh3+ 41. Bxh3 Rxh3 42. Rxc5 h6 43. Rc7 Kh7 44. Ke2 h5 45. Kd2 h4 46. Ra7 Rg3 47. Ra1 Rb3 48. c5 g5 49. c6 Rb8 50. c7 Rc8 51. Rc1 Kg6 52. Ke2 h3 53. Kf2 Kh5 54. Kg3 h2 55. Kxh2 Kg4 1/2-1/2